Ends in 'FF' Quiz Stats

 Plays Quiz Updated Sep 28, 2018

Also try: Ends in 'MA'
Challenge
Share
Tweet
Embed
Score 0/18 Timer 03:00
0 Plays Today
Clue Word % Correct
A tax; import dutyTariff
90.2%
Head & Shoulders treats this term for Pityriasis capitisDandruff
87.6%
A manacle or restraint used by policemenHandcuff
86.6%
One who sues, brings a legal actionPlaintiff
75.4%
Rude, harsh; 'Three Billy Goats...'Gruff
68%
A hint of fragrance; to swing and missWhiff
62.5%
A local law-enforcement official; Nottingham villainSheriff
61.1%
A long stick; a body of employeesStaff
56.2%
A collar; a type of bird; a sound made by the above clueRuff
51.7%
Clue Word % Correct
Another term for the PopePontiff
50.9%
A court officer - Bull from 'Night Court'Bailiff
49.8%
'Frasier' to 'Cheers' or 'Joey' to 'Friends'Spinoff
47.1%
A large (and usually intimidating) dog, or a breed of suchMastiff
46.1%
Insubstantial or softFluff
41.3%
To mock or show contempt; to eat enthusiasticallyScoff
33.2%
To mislead or deceive; a rocky outcropBluff
28.9%
To drink heartily, knock back a beverageQuaff
24.6%
To bother or annoyMiff
19.4%

You're not logged in!

Compare scores with friends on all Sporcle quizzes.
OR
Log In

You Might Also Like...

Show Comments

Extras

Top Quizzes Today


Score Distribution

Your Account Isn't Verified!

In order to create a playlist on Sporcle, you need to verify the email address you used during registration. Go to your Sporcle Settings to finish the process.

Report this User

Report this user for behavior that violates our Community Guidelines.

Details: